| 000 | 01711nam0a2200337 i 4500 | ||
|---|---|---|---|
| 001 | RU\NLR\BIBL_A\012526209 | ||
| 005 | 20241114231954.0 | ||
| 010 |
_a9785987120941 _9500 |
||
| 035 | _a(NLR Aleph) 012526209 | ||
| 090 |
_a12345219 _c12345219 |
||
| 100 | _a20210524d2020 u y0rusy50 ca | ||
| 101 | 0 | _arus | |
| 102 | _aRU | ||
| 105 | _ay|||z|||001zy | ||
| 181 | 0 |
_ai _baxxe |
|
| 182 | 0 | _an | |
| 200 | 1 |
_aОт пирамид к сельве: западная мысль в поисках идентичности _fВиктор Визгин _gнаучный редактор: Л. Б. Комиссарова _gРоссийская академия наук, Институт научной информации по общественным наукам, Институт философии |
|
| 203 |
_aТекст _bвизуальный _cнепосредственный |
||
| 210 |
_aМосква _aСанкт-Петербург _cЦентр гуманитарных инициатив _d2020 |
||
| 215 |
_a576, [16] с. _d22 |
||
| 225 | 1 |
_aHumanitas _fгл. ред. и авт.: С. Я. Левит |
|
| 300 | _aНа 4-й с. обл. авт.: В. П. Визгин - д-р филос. наук | ||
| 320 | _aБиблиогр. в примеч. в конце разд. | ||
| 320 | _aУказ. имен / сост.: Комиссарова Л. Б.: с. 568-576 | ||
| 606 |
_aФилософия западноевропейская _xИстория _z17 - 20 вв. _92623839 _3RU\NLR\AUTH\661560399 |
||
| 686 | 1 | _aЮ3(4) | |
| 700 | 1 |
_aВизгин _bВ. П. _f1940 - _gВиктор Павлович _9137743 _3RU\NLR\AUTH\770137778 |
|
| 942 | _cBOOK | ||
| 980 | _aNBR | ||